00503ntaaa2200181 45000030003000000050017000030080021000200400037000410820017000781000023000952450041001182500010001592600057001693000012002265000047002386500013002856500023002980120251027202111.00714s1973 ag 01  aAR-BaBNbspacAR-BaBNeaacrdRIC a252.0600 F75 aFord, W. Herschel  aSimple sermons from the book of Acts a1 ed. aGrand Rapids : bZondervan Publishing House, cc1950 a2 tomos aSermones sencillos del libro de los Hechos asermones aBiblia-N.T.-Hechos